Responses for show #7300 - Friday, May 13, 2016

2016 Teachers Tournament final game 2.
From DAR Constitution Hall in Washington, D.C.

Contestants

Jason Sterlacci, a 6th grade English teacher from Somerset, New Jersey (subtotal of $22,601)

Jill Gilbert, a middle school English teacher from Des Moines, Iowa (subtotal of $10,000)

Kaberi Chakrabarty, an elementary bilingual teacher from Joliet, Illinois (subtotal of $4,600)

Jeopardy! Round responses

AN ORANGE FOR TEACHER
(Alex: Not an apple.)
TV SHOWS BY EPISODE TITLE
THE QUOTABLE BEN FRANKLIN
EERIE
SUPERIOR
OTHER GREAT LAKES
    $200 1
marmalade

Jill
    $200 3
Game of Thrones

Jason
    $200 21
Time

Kaberi
    $200 26
Henry VIII

Kaberi
    $200 11
bartering

Jason
    $200 16
New York

Jason
    $400 2
(Jill: What is the pulp?)

the pith

JillJason
    $400 4
I Love Lucy

Jill
    $400 22
death & taxes

Jason
    $400 27
a pentagram

Jason
    $400 12
a plow

Jill
    $400 17
Tasmania

Jason
    $600 8
a blood orange

Jill
    $600 5
Buffy the Vampire Slayer

Kaberi
    $600 23
a bad peace

Jason
    $600 28
Loch Ness

Jason
    $600 13
(Jason: What is a microscope?)

a telescope

KaberiJason
    $600 18
the Great Salt Lake

Kaberi
    $800 9
an Orange Julius

Jason
    $800 6
The Big Bang Theory

Jason
    $800 24
fish

Jill
    $800 29
la chupacabra

Jason
    $800 14
block printing

Triple Stumper
    $800 19
the Suez Canal

Jill
    $1000 10
mandarin

Jason
    $1000 7
Breaking Bad

Jason
    $1000 25
(Alex: Less than a minute now.)

chess

Jason
    $1000 30
memento mori

Kaberi
    $1000 15
shock & awe

Jason
    $2,000 20
(Jill: What is Beaver Lake?)

Great Bear Lake

Jill

Scores at the first commercial break (after clue 15):

Kaberi Jill Jason
$1,200 $1,200 $4,800

Scores at the end of the Jeopardy! Round:

Kaberi Jill Jason
$3,200 $800 $9,200

Double Jeopardy! Round responses

ART & ARTISTS
COMMUNICATION
AFRICAN-AMERICAN AUTHORS
STUDY HALL
SAME FIRST & LAST LETTER
COUNTRY MUSIC
    $400 1
(Jill: Who is Rembrandt?)

Peter Paul Rubens

JillJason
    $400 21
Interpreter

Triple Stumper
    $400 6
Harlem

Jill
    $400 11
Dinosaurs

Jill
    $400 16
lingual

Kaberi
    $400 26
USSR

Kaberi
    $800 2
Monet

Kaberi
    $800 22
telegraph

Triple Stumper
    $800 7
Brewster Place

Triple Stumper
    $800 12
the Rock and Roll Hall of Fame

Jason
    $800 17
a barb

Jill
    $800 27
USA

Jill
    $1200 3
Seurat

Kaberi
    $1200 23
a caveman

Jason
    $1200 8
Easy Rawlins

Triple Stumper
    $1200 13
a phonograph

Kaberi
    $1200 18
a pickup

Triple Stumper
    $1200 28
Lebanon

Jill
    $1600 4
Toulouse-Lautrec

Kaberi
    $2,000 24
ransom notes

Jason
    $2,000 9
(Jill: Who is...)
(Alex: Say something.)
(Jill: Zora Neale Hurston?)

Toni Morrison

Jill
    $1600 14
(Alex: You're back on the plus side.)
(Jill: Yay!)

Versailles

Jill
    $1600 19
the roster

Jason
    $1600 29
[Alex reads the blank as "which".]

China

Jason
    $2000 5
(Kaberi: Who is Hogworth?)

(William) Hogarth

KaberiJason
    $2000 25
signal-to-noise

Kaberi
    $2000 10
(Jason: What is Catch a Tiger by a Toe?)

If He Hollers Let Him Go

Jason
Triple Stumper
    $2000 15
the Beer Hall Putsch

Jason
    $2000 20
(Jill: What is Mercator?)

conic

Jill
Triple Stumper
    $2000 30
[Alex reads the blank as "this place".]

Cambodia

Jason

Scores at the end of the Double Jeopardy! Round:

Kaberi Jill Jason
$8,800 $1,600 $20,800
(lock tournament)

[wagering suggestions for these scores]

Final Jeopardy! Round responses

20th CENTURY PRESIDENTIAL CANDIDATES
(Alex: [To Jill] And that, unfortunately, is wrong.)
(Jill: He's from Kansas.)
...
(Jason: Lifesaver.)
(Alex: Lifesaver?)
(Jason: Yeah, he fixed my tie.)
JillWho is Bob Dole?
$1,600
KaberiWho is Bob Dole?
$0
JasonWho is Charles who Fixed My Tie?
$0
George McGovern

Final scores:

Kaberi Jill Jason
$8,800 $0 $20,800

Cumulative scores:

Kaberi Jill Jason
$13,400 $10,000 $43,401
1st runner-up: $50,000 2nd runner-up: $25,000 Tournament champion: $100,000

Game dynamics:

Coryat scores:

Kaberi Jill Jason
$8,800 $5,600 $20,400
13 R,
1 W
12 R,
5 W
(including 2 DDs)
25 R
(including 1 DD),
2 W

Combined Coryat: $34,800

The J! Archive is created by fans, for fans. The Jeopardy! game show and all elements thereof, including but not limited to copyright and trademark thereto, are the property of Jeopardy Productions, Inc. and are protected under law. This website is not affiliated with, sponsored by, or operated by Jeopardy Productions, Inc. Join the discussion at JBoard.tv.